The Leasehold Valuation Tribunals (Procedure) (Wales) Regulations 2004 (Record no. 103967)

MARC details
000 -LEADER
fixed length control field 00971cam a2200229 4500
008 - FIXED-LENGTH DATA ELEMENTS--GENERAL INFORMATION
fixed length control field 040427n2004 000 0 eng u
020 ## - INTERNATIONAL STANDARD BOOK NUMBER
International Standard Book Number 0110908899
035 ## - SYSTEM CONTROL NUMBER
System control number (Sirsi) u128646
041 ## - LANGUAGE CODE
Language code of text/sound track or separate title eng
245 #4 - TITLE STATEMENT
Title The Leasehold Valuation Tribunals (Procedure) (Wales) Regulations 2004
260 ## - PUBLICATION, DISTRIBUTION, ETC.
Place of publication, distribution, etc. London
Name of publisher, distributor, etc. HMSO
Date of publication, distribution, etc. 2004
490 ## - SERIES STATEMENT
Series statement SI
Volume/sequential designation 2004: 681
520 ## - SUMMARY, ETC.
Summary, etc. Outlines procedure to be followed in connection with applications made to a Leasehold Valuation Tribunal. See Explanatory note for further details. View at www.legislation.hmso.gov.uk.
590 ## - LOCAL NOTE (RLIN)
Local note CLR
650 ## - SUBJECT ADDED ENTRY--TOPICAL TERM
Topical term or geographic name entry element LEASEHOLD VALUATION TRIBUNALS
650 ## - SUBJECT ADDED ENTRY--TOPICAL TERM
Topical term or geographic name entry element WALES
650 ## - SUBJECT ADDED ENTRY--TOPICAL TERM
Topical term or geographic name entry element LEASEHOLD VALUATION TRIBUNALS (PROCEDURE) (WALES) REGULATIONS 2004
650 ## - SUBJECT ADDED ENTRY--TOPICAL TERM
Topical term or geographic name entry element LEASEHOLD VALUATION TRIBUNAL FEES
690 ## - LOCAL SUBJECT ADDED ENTRY--TOPICAL TERM (OCLC, RLIN)
Topical term or geographic name as entry element LANDLORD AND TENANT-LEASEHOLD REFORM
856 ## - ELECTRONIC LOCATION AND ACCESS
Uniform Resource Identifier <a href="https://www.legislation.hmso.gov.uk/legislation/wales/wsi2004/20040681e.htm">https://www.legislation.hmso.gov.uk/legislation/wales/wsi2004/20040681e.htm</a>
Public note View the Regulations on the HMSO website...
942 ## - ADDED ENTRY ELEMENTS (KOHA)
Suppress in OPAC 0
Holdings
Withdrawn status Lost status Source of classification or shelving scheme Damaged status Not for loan Home library Current library Shelving location Date acquired Total Checkouts Full call number Barcode Date last seen Copy number Price effective from Koha item type
    Dewey Decimal Classification     Virtual Virtual Online 27/01/2005   ONLINE PUBLICATION 128646-2001 06/08/2019 1 06/08/2019 Book